Chakma issue in Arunachal Pradesh; realities, perceptions and policies (Record no. 11393)

MARC details
000 -LEADER
fixed length control field 00541nam a2200169Ia 4500
082 ## - DEWEY DECIMAL CLASSIFICATION NUMBER
Classification number TS.0932
100 ## - MAIN ENTRY--AUTHOR NAME
Personal name Singh, Deepak Kumar
245 #0 - TITLE STATEMENT
Title Chakma issue in Arunachal Pradesh; realities, perceptions and policies
260 ## - PUBLICATION, DISTRIBUTION, ETC. (IMPRINT)
Year of publication 2003
Name of publisher Panjab University, Chandigarh
300 ## - PHYSICAL DESCRIPTION
Number of Pages 251
504 ## - BIBLIOGRAPHY, ETC. NOTE
Bibliography, etc includes bibliography
650 ## - SUBJECT ADDED ENTRY--TOPICAL TERM
Topical Term Chakma (Asian people)
Form subdivision Arunachal Pradesh
650 ## - SUBJECT ADDED ENTRY--TOPICAL TERM
Topical Term Refugees
Form subdivision Arunachal Pradesh
650 ## - SUBJECT ADDED ENTRY--TOPICAL TERM
Topical Term Migrant labour
Form subdivision India, North East
650 ## - SUBJECT ADDED ENTRY--TOPICAL TERM
Topical Term Indigenous peoples
Form subdivision India, North East
942 ## - ADDED ENTRY ELEMENTS (KOHA)
Koha item type Thesis
Source of classification or shelving scheme Dewey Decimal Classification
Holdings
Withdrawn status Lost status Damaged status Not for loan Home library Current library Date acquired Source of acquisition Bill Date Full call number Accession Number Price effective from Koha item type
        NASSDOC Library NASSDOC Library 26/09/2005 Gifted by : Fellowship Division, ICSSR 2005-09-09 TS.0932 40970 18/04/2019 Thesis